[Event "Corus"]
[Site "Wijk aan Zee 70"]
[Date "2008.??.??"]
[Round "12"]
[White "Kramnik, Vladimir"]
[Black "Carlsen, Magnus"]
[Result "0-1"]
[WhiteElo "2799"]
[BlackElo "2733"]
[Annotator "JvR"]
[PlyCount "114"]
[EventDate "2008.??.??"]
[EventCountry "NED"]

1. Nf3 Nf6 2. c4 e6 3. Nc3 c5 4. g3 b6 5. Bg2 Bb7 6. O-O Be7 7. d4 cxd4 8. Qxd4
d6 9. Rd1 a6 10. Ng5 Bxg2 11. Kxg2 Nc6 12. Qf4 O-O 13. Nce4 Ne8 14. b3 Ra7 15.
Bb2 Rd7 {Although Carlsen does not remember the theory, he has played known
moves so far.} 16. Rac1 Nc7 $1 ({Magnus diverts from} 16... Qa8) 17. Nf3 f5 18.
Nc3 g5 19. Qd2 g4 20. Ne1 Bg5 21. e3 Rff7 22. Kg1 Ne8 23. Ne2 Nf6 24. Nf4 Qe8
25. Qc3 Rg7 26. b4 Ne4 27. Qb3 Rge7 28. Qa4 $6 {Kramnik becomes active on the
wrong flank.} Ne5 $1 29. Qxa6 $2 Ra7 $1 30. Qb5 {Vladimir suffers from a flue
and offers a draw.} ({At first he has missed} 30. Qxb6 Reb7 31. Qd4 Bf6 $1 {
and White will lose his queen.}) 30... Qxb5 31. cxb5 Rxa2 {Carlsen smells
blood.} 32. Rc8+ Kf7 33. Nfd3 Bf6 34. Nxe5+ dxe5 35. Rc2 Rea7 36. Kg2 Ng5 37.
Rd6 $2 {He neglects his defence.} ({Preferable is} 37. Rdd2) 37... e4 $1 38.
Bxf6 Kxf6 39. Kf1 Ra1 40. Ke2 Rb1 {Black has a decisive attack.} 41. Rd1 Rxb4
42. Ng2 Rxb5 43. Nf4 Rc5 44. Rb2 b5 45. Kf1 Rac7 46. Rbb1 Rb7 47. Rb4 Rc4 48.
Rb2 b4 49. Rdb1 Nf3 50. Kg2 Rd7 $1 51. h3 e5 52. Ne2 Rd2 53. hxg4 fxg4 54. Rxd2
Nxd2 55. Rb2 Nf3 56. Kf1 b3 57. Kg2 Rc2 {Carlsen and Aronian shared the lead,
half-a-point before Anand and Radjabov.} 0-1

[Event "Corus"]
[Site "Wijk aan Zee 70"]
[Date "2008.??.??"]
[Round "13"]
[White "Anand, Viswanathan"]
[Black "Kramnik, Vladimir"]
[Result "1/2-1/2"]
[WhiteElo "2799"]
[BlackElo "2799"]
[Annotator "JvR"]
[PlyCount "122"]
[EventDate "2008.??.??"]
[EventCountry "NED"]

{The games Carlsen - Radjabov and Polgar - Aronian ended in long but
uneventful draws. Anand wanted to catch up with Carlsen and Aronian and made a
serious winning attempt against Kramnik during the last round.} 1. e4 e5 2. Nf3
Nf6 3. Nxe5 d6 4. Nf3 Nxe4 5. Nc3 Nxc3 6. dxc3 Be7 7. Bf4 O-O 8. Qd2 Nd7 9.
O-O-O Nc5 10. Be3 Re8 11. Bc4 Be6 12. Bxe6 Nxe6 13. h4 Qd7 14. Qd5 Qc6 15. Qf5
Qc4 16. Kb1 g6 17. Qh3 h5 18. Nd2 Qe2 19. Rde1 Qg4 20. Qh2 d5 21. f3 Qa4 22. g4
Bd6 23. Qf2 hxg4 $5 (23... Ng7 {drew in Svidler - Kramnik, Mexico 2007.}) 24.
fxg4 Qxg4 {Vladimir has accepted the pawn and faces an attack.} 25. Reg1 Qh5
26. Nf3 Re7 27. Bg5 Ree8 28. Be3 Re7 29. Bg5 Rd7 $5 {Who wants to win?} 30. Nd4
Nxd4 31. Qxd4 Bf8 32. Qe3 c6 33. Qh3 Rd6 34. Bf4 Re6 35. Rg5 Qh8 36. h5 $1 Rae8
37. Bd2 Bc5 38. Rg3 Re2 39. Kc1 $1 Qg7 40. a3 Bd6 41. Rgg1 Bc5 42. Rg3 Bd6 43.
Rg4 $1 R8e6 $2 {Kramnik makes a mistake at last.} (43... R2e6 {is alright.})
44. hxg6 $1 Rxg6 45. Rxg6 fxg6 46. Be3 $1 Qe5 {The queen has to recue the rook.
} 47. Qh7+ Kf8 48. Bd2 $1 Qf6 49. Qxb7 {White has regained a pawn and
established weaknesses.} Rh2 $5 50. Re1 Qf2 51. Kb1 $2 {Anand misses his
chances for a victory.} (51. Rd1 $1 Qf6 52. Qa8+ $1 Kg7 53. Qxa7+ {gives
winning chances.}) 51... Qxd2 52. Rf1+ Kg8 $1 53. Qf7+ Kh8 54. Qxg6 Qg2 $1 55.
Qe8+ Qg8 56. Qxc6 Bf8 57. Qa8 Bc5 58. Qxg8+ Kxg8 59. Rf5 Rd2 60. c4 Kg7 61. b4
Be7 {Aronian and Carlsen had won the tournament by a score of 8/13. Anand and
Radjasbov followed at half-a-point.   Magnus Carlsen was 17!} 1/2-1/2

[Event "Corus B"]
[Site "Wijk aan Zee 70"]
[Date "2008.??.??"]
[Round "3"]
[White "Smeets, Jan"]
[Black "Cheparinov, Ivan"]
[Result "1-0"]
[WhiteElo "2573"]
[BlackElo "2713"]
[Annotator "JvR"]
[PlyCount "153"]
[EventDate "2008.??.??"]
[EventCountry "NED"]

1. e4 c5 2. Nf3 d6 3. Bb5+ Nc6 4. O-O Bd7 5. Re1 Nf6 6. c3 a6 7. Bf1 Bg4 8. d3
e6 9. Nbd2 Nd7 10. h3 Bh5 11. g4 Bg6 12. d4 cxd4 13. cxd4 e5 14. d5 Ncb8 15. h4
h6 16. Bh3 Be7 17. h5 Bh7 18. Nf1 a5 19. Ng3 Na6 20. Bd2 $5 {White moves
forwards slowly in the Closed Sicilian.} Nac5 21. Re3 b5 22. Qe2 b4 23. Rc1 Qb6
24. Kh2 Qa6 25. Qxa6 Rxa6 26. Bf1 Rb6 27. Ree1 Rb8 28. Kh3 O-O 29. b3 Rfc8 30.
Nh4 Bxh4 31. Kxh4 f6 32. f3 Kf7 33. Kh3 Rc7 34. Rc2 Ra7 35. Rb1 Ke7 36. Be2 Nb6
37. Rcb2 Rc7 38. Kg2 Ncd7 39. Kf2 Nc8 40. Ra1 Nc5 41. Rc1 Nb6 42. Ke1 Nbd7 43.
Be3 Ra7 44. Rc4 Rc7 45. Kd2 Rbc8 46. Rcc2 Rb8 47. Rc1 Rbc8 48. Rbc2 Rb8 49. Bd1
Rbc8 50. Ke2 Nb6 51. Bd2 Kd8 52. Ke3 Na6 $6 53. Rxc7 Rxc7 54. Rxc7 Nxc7 55. Be2
{White has found a hole in the fortress.} Nd7 56. Bc4 Nb6 57. Bd3 Kc8 58. Ke2
Kb7 59. Be3 $1 Nd7 60. Nf1 $1 Nc5 61. Bc4 Kc8 62. Nd2 Bg8 63. Kd1 Bf7 64. Be2
Nb7 65. Nc4 Be8 66. Bb6 a4 $5 {Pawn b4 becomes weak.} 67. Kd2 axb3 68. axb3 Nb5
$2 (68... Kb8 69. Nb2 Na8 70. Be3 Nc7 71. Nd3 Na5 72. Bd1 Na6 {protects the
weakness b4.}) 69. Ne3 $1 {The white knight will gain pawn b4 or g7.} Nd4 70.
Bxd4 exd4 71. Nf5 Nc5 72. Bc4 Kc7 73. Nxg7 Bd7 74. Ne6+ $1 Bxe6 75. dxe6 Kd8
76. Bd5 Ke7 77. f4 $1 {The future Dutch champion played a solid game.} (77. f4
Nxe6 78. Bxe6 Kxe6 79. Kd3 {leads to a won pawn ending for White.}) 1-0

[Event "Corus"]
[Site "Wijk aan Zee 71"]
[Date "2009.01.17"]
[Round "1"]
[White "Karjakin, Sergey"]
[Black "Morozevich, Alexander"]
[Result "1-0"]
[WhiteElo "2706"]
[BlackElo "2771"]
[Annotator "JvR"]
[PlyCount "51"]
[EventDate "2009.01.??"]
[EventCountry "NED"]

{Event 71 was played from 17 i until 1 ii in Wijk aan Zee. The old stars Anand,
Topalov and Kramnik were absent this time. It would become a tournament of the
youth. The young Dutchmen Stellwagen and Smeets participated in the main group.
} 1. e4 c5 2. Nf3 e6 3. d4 cxd4 4. Nxd4 Nc6 5. Nc3 Qc7 6. Be3 a6 7. Qd2 Nf6 8.
O-O-O Be7 9. f3 O-O 10. g4 b5 11. g5 Ne8 12. h4 Ne5 13. Kb1 (13. h5 {was
played in Dominguez - Morozevich, Sarajevo 2008.}) 13... Bb7 14. h5 Rc8 15. Qg2
$5 ({Known is} 15. Bd3) 15... b4 16. Na4 f5 $5 {Black counters in the central
area.} 17. gxf6 Nxf6 (17... Rxf6 {brings a white plus in a later game.}) 18.
Bd3 Rf7 {The rooks are doubled.} 19. b3 {He prepares Nb2-c4.} Rcf8 20. Rdg1 Ne8
21. Rh3 Bf6 22. Nb2 Nc6 $2 ({Better is} 22... Nxd3 23. cxd3 Nd6 $1 {(Karjakin).
}) 23. Nxc6 Qxc6 {Suddenly,  Black has no proper defence!} (23... Bxc6 24. Nc4
Bc3 25. h6 g6 26. e5 $1 Rxf3 27. Bxg6 $1 {also wins for White.}) 24. Nc4 d5 (
24... Bc3 25. h6 g6 26. e5 $1 {leads to the decisive threat Bxg6!}) 25. exd5
exd5 26. h6 {Karjakin had a sailing start.} ({The pointe is} 26. h6 g6 27. Bxg6
hxg6 28. Qxg6+ Kh8 29. Qg7+ $1 Rxg7 30. hxg7+ Kg8 31. Rh8+ Kf7 32. gxf8=Q+ {
and White wins (Karjakin).}) 1-0

[Event "Corus"]
[Site "Wijk aan Zee 71"]
[Date "2009.01.18"]
[Round "2"]
[White "Movsesian, Sergei"]
[Black "Adams, Michael"]
[Result "1-0"]
[WhiteElo "2751"]
[BlackElo "2712"]
[Annotator "JvR"]
[PlyCount "75"]
[EventDate "2009.01.??"]
[EventCountry "NED"]

1. e4 e5 2. Nf3 Nc6 3. Bc4 Bc5 4. O-O Nf6 5. d4 {Movsesian plays an ancient
gambit. He surprises Adams.} Bxd4 6. Nxd4 Nxd4 7. f4 d6 8. fxe5 dxe5 9. Bg5 {
It is the Holzhausen Attack.} Qe7 10. c3 Be6 11. Na3 Nc6 $6 (11... Bxc4 $1 12.
Nxc4 Ne6 {was played in Anderssen - Fleissig, Wien 1873.}) 12. Kh1 {White has
a plus.} Rd8 $5 (12... h6 {occurred in Lakos - Frosch, Wien 1996.}) 13. Qe2 h6
14. Bxf6 gxf6 15. Rf2 Rg8 16. Raf1 Rg6 17. Nc2 $1 {The knight moves to the
central area.} Kf8 18. Ne3 Nb8 $1 {Black prepares ..c6 and ..Nd7.} 19. Qh5 Kg7
20. Qf3 Kh7 21. Nd5 Bxd5 22. exd5 e4 23. Qf4 Rd6 $2 ({Better is} 23... c6 $5
24. dxc6 Nxc6 25. Re2 Qe5 26. Rxe4 Qxf4 27. Rexf4 Kg7 28. Bb3 Rd6 {and Black
defends a difficult position.}) 24. Re2 $1 Nd7 25. Rxe4 Ne5 26. Bb3 Kg8 27. c4
b6 28. Bc2 Qf8 29. Re3 Rg5 30. Bf5 Kh8 31. Rfe1 a5 32. b3 c6 $5 33. dxc6 Rxc6
34. h4 Rg8 35. Rd1 a4 $2 (35... Ng6 36. Bxg6 Rxg6 37. Rd7 Re6 {offers more
resistance.}) 36. Rd8 $1 Qg7 37. Rxg8+ Kxg8 38. Rg3 {Movsesian played a fine
game.} (38. Rg3 Ng6 39. Bxg6 fxg6 40. Qe4 $1 {wins material.}) 1-0

[Event "Corus"]
[Site "Wijk aan Zee 71"]
[Date "2009.01.19"]
[Round "3"]
[White "Kamsky, Gata"]
[Black "Morozevich, Alexander"]
[Result "1-0"]
[WhiteElo "2725"]
[BlackElo "2771"]
[Annotator "JvR"]
[PlyCount "67"]
[EventDate "2009.01.??"]
[EventCountry "NED"]

1. e4 e5 2. Nf3 Nc6 3. Bb5 a6 4. Ba4 Nf6 5. O-O b5 6. Bb3 Bc5 7. c3 d6 8. a4
Rb8 9. axb5 axb5 10. d3 O-O 11. h3 Ne7 $5 ({Usual is} 11... h6) 12. Na3 (12.
Bg5 $1 Ng6 13. d4 {shows more aggression.}) 12... Ng6 13. Nc2 h6 14. Re1 Bb6
15. Ne3 c6 16. Nh2 Kh8 $6 ({More useful is} 16... Be6 17. Bxe6 fxe6) 17. Nhg4
Nxg4 18. hxg4 Qh4 $6 (18... Be6 $1 19. Nf5 Nf4 {equalises (Illescas Cordoba).})
19. d4 $1 exd4 $5 20. cxd4 Qf6 $2 ({Better is} 20... Ne7 $1 21. Nf5 Nxf5 22.
gxf5 Re8 $1) 21. Nf5 $1 Kg8 $5 ({Kamsky assumes that Morozovich had previously
calculated} 21... Bxf5 $2 22. exf5 $1 Bxd4 {and missed} 23. g5 $3 hxg5 24. Qh5+
Kg8 25. fxg6 Qxf2+ 26. Kh2 Qxe1 27. Qh7#) 22. Be3 Bxf5 23. gxf5 Ne7 24. Bc2 {
White has positional advantages.} Rfd8 25. b4 $1 c5 $2 (25... Ra8 {offers more
resistance.}) 26. bxc5 dxc5 27. Qg4 $1 Rxd4 ({The pointe is} 27... cxd4 28. e5
$1 Qxe5 29. Bxh6 Qf6 30. Bg5 $1) 28. Bxd4 Qxd4 29. Qg3 Nc6 30. e5 $1 c4 31.
Rad1 Qb2 32. f6 g5 33. Re2 Qb4 34. Qh3 $1 1-0

[Event "Corus"]
[Site "Wijk aan Zee 71"]
[Date "2009.01.22"]
[Round "5"]
[White "Aronian, Levon"]
[Black "Movsesian, Sergei"]
[Result "1-0"]
[WhiteElo "2750"]
[BlackElo "2751"]
[Annotator "JvR"]
[PlyCount "115"]
[EventDate "2009.01.??"]
[EventCountry "NED"]

1. d4 d5 2. c4 c6 3. Nf3 Nf6 4. Nc3 a6 5. a4 e6 6. g3 dxc4 7. Bg2 c5 8. dxc5
Qxd1+ 9. Nxd1 Nc6 10. Ne3 Bxc5 11. Nxc4 Ke7 12. O-O Nd5 13. Rd1 $5 {White
keeps pressure on the black position.} f6 {He controls square e5.} 14. Nfd2 $5
Rd8 $2 {The black pieces stay bottled up.} (14... Nd4 $1 15. e3 Ne2+ 16. Kf1
Nxc1 17. Raxc1 Bd7 {leads to development.}) 15. Nb3 Ba7 16. Nca5 $1 Rb8 $1 17.
Nxc6+ bxc6 18. Na5 $1 {The knight exerts power on a5.} Bd7 19. b3 Bc5 20. Bd2
Bb4 21. Rac1 Rdc8 22. Bxb4+ Nxb4 23. f4 c5 24. Kf2 $5 {Aronian continues the
restraint.} (24. Nb7 Rc7 25. Nxc5 Rbc8 26. Rc4 Rxc5 27. Rxb4 a5 28. Rb7 R8c7 {
creates little winning chances (Rogozenco).}) 24... Rc7 25. Rc3 Be8 26. Rdc1
Kd6 27. Re3 Bf7 28. Bh3 Ke7 29. Re4 {White threatens Bxe6!} g6 30. Rec4 $1 Kd6
31. Bg2 Nd5 $6 (31... g5 $1 32. fxg5 fxg5 33. h4 gxh4 34. Rxh4 Bg6 {forms a
defensive screen on the kingside.}) 32. h4 Nb4 33. g4 $1 {Go forwards and do
not forget.} h6 34. g5 hxg5 35. hxg5 fxg5 36. fxg5 Nd5 37. Rh1 $1 Rb4 $6 (37...
Bg8 38. Bf3 Ke7 {tries to plug the holes.}) 38. Rh8 Ke7 39. Be4 e5 40. Rh7 Kd6
41. e3 Ke6 42. Bd3 Rb8 43. Rc1 Be8 44. Rch1 Rxh7 45. Rxh7 Nb4 46. Be4 Rd8 47.
Nc4 Bc6 ({Or} 47... Bf7 48. Rg7 Rd7 49. Kf3 Rd1 50. Bxg6 Bxg6 51. Rxg6+ Kf5 52.
Rb6 Kxg5 53. Ke4 {and White also wins the endgame.}) 48. Bxg6 Rf8+ 49. Ke2 Bf3+
50. Ke1 e4 51. Rh6 Nd3+ 52. Kd2 Ke7 53. Kc3 Rd8 54. Rh7+ Ke6 55. Rc7 Rh8 56.
Bh7 $1 Nb4 57. Rxc5 Nd5+ 58. Rxd5 $1 ({The pointe is} 58. Rxd5 Kxd5 59. g6) 1-0

[Event "Corus"]
[Site "Wijk aan Zee 71"]
[Date "2009.01.22"]
[Round "5"]
[White "Van Wely, Loek"]
[Black "Radjabov, Teimour"]
[Result "1-0"]
[WhiteElo "2625"]
[BlackElo "2761"]
[Annotator "JvR"]
[PlyCount "61"]
[EventDate "2009.01.??"]
[EventCountry "NED"]

1. d4 Nf6 2. c4 g6 3. Nc3 Bg7 4. e4 d6 5. Nf3 O-O {Van Wely has defeated
Radjabov several times in the Kings Indian Defence.} 6. Be2 e5 7. O-O Nc6 8. d5
Ne7 9. b4 Nh5 10. Re1 f5 11. Ng5 Nf6 12. f3 Kh8 13. Rb1 h6 14. Ne6 Bxe6 15.
dxe6 fxe4 16. fxe4 Nc6 17. Nd5 Ng8 18. Bd3 Nd4 19. Qg4 g5 20. h4 $5 {Rybka
suggests this novelty.} (20. Qh3 {was played in Ponomariov - Radjabov, Wijk
aan Zee 2003.}) 20... Nf6 21. Qg3 gxh4 $2 {Black opens the kingside.} ({Better
is} 21... Nxe6 22. hxg5 Nxd5 23. gxh6 Ndf4 $1 24. hxg7+ Nxg7 25. Qh2+ Kg8 26.
Bxf4 Rxf4 {and Black almost equalises (Van Wely).}) 22. Qxh4 Nxe6 23. Bxh6 Kg8
$2 {Asking for a problems.} (23... Nh7 24. Bxg7+ Kxg7 25. Qg4+ Nhg5 26. Rf1
Rxf1+ 27. Rxf1 c6 {favours White (Velickovic).}) 24. Qh3 $1 {Black has to
capture on h6.} Bxh6 25. Qxh6 c6 26. Re3 $1 {White utilises the open kingside.}
Kf7 $1 {He sets a trap.} (26... cxd5 27. exd5 $1 Ng7 28. Rg3 Qc7 29. Bg6 {
overwhelms the black position (Van Wely).}) 27. Rf1 $1 {Loek finds the fast
win.} (27. Nxf6 Qxf6 28. Rf3 Qxf3 29. gxf3 Rh8 30. Qc1 Nf4 {meets a lot of
resistance.}) 27... cxd5 28. exd5 Ke7 29. dxe6 Kxe6 30. Ref3 a5 31. Be4 {
Radjabov lost again against Van Wely.   Karjakin took the sole lead by a win
against Stellwagen.} 1-0

[Event "Corus"]
[Site "Wijk aan Zee 71"]
[Date "2009.01.23"]
[Round "6"]
[White "Radjabov, Teimour"]
[Black "Kamsky, Gata"]
[Result "1-0"]
[WhiteElo "2761"]
[BlackElo "2725"]
[Annotator "JvR"]
[PlyCount "81"]
[EventDate "2009.01.??"]
[EventCountry "NED"]

1. e4 c6 2. d4 d5 3. Nc3 dxe4 4. Nxe4 Bf5 5. Nc5 b6 6. Nb3 e6 7. Nf3 Nf6 8. g3
Nbd7 9. Bg2 Qc7 10. O-O Rd8 11. Qe2 Bd6 12. Re1 $5 ({Known is} 12. c4) 12...
O-O 13. Nh4 Bg4 14. Qc4 Nd5 15. Bg5 Rc8 16. a4 {White takes the initiative on
the queenside.} b5 $6 ({Preferable is} 16... h6 17. Bd2 a5) 17. Qd3 N7b6 $5 18.
Nc5 $1 {Radjabov has gained a plus.} h6 19. Bd2 $5 Nc4 $1 20. axb5 {He opens
the a-file.} cxb5 21. h3 Bh5 22. Bxd5 $1 exd5 23. Bc3 $1 {White threatens b3.}
Rfe8 $1 {Kamsky prepares an ingenious retreat.} 24. b3 Ne5 $5 25. Qxb5 Bxc5 $2
({Better is} 25... g5 $1 26. Ba5 Qb8 27. Qxb8 Bxb8 {and White only has a plus 
(Radjabov).}) 26. Qxc5 $5 Qd7 $6 (26... Qd8 $1 27. Qxa7 Nf3+ 28. Nxf3 Bxf3 29.
Ba5 Qf6 {gives counter-play.}) 27. Qxa7 Qxa7 28. Rxa7 Nf3+ 29. Nxf3 Bxf3 30.
Rxe8+ Rxe8 31. b4 Bd1 $5 32. Ra2 Rc8 33. b5 $1 Rb8 ({The pointe is} 33... Rxc3
34. b6 Rc8 35. b7 {(Radjabov).}) 34. Rb2 f6 35. Ba5 Be2 36. b6 Rb7 37. Rb1 $1
Kf7 38. Bd2 g5 39. Bc1 $1 Bf3 40. Ba3 Be4 41. Bd6 {White plays Bc7 and the
rest will be easy.   Radjabov competed at the top.} 1-0

[Event "Corus"]
[Site "Wijk aan Zee 71"]
[Date "2009.01.23"]
[Round "6"]
[White "Stellwagen, Daniel"]
[Black "Van Wely, Loek"]
[Result "1/2-1/2"]
[WhiteElo "2612"]
[BlackElo "2625"]
[Annotator "JvR"]
[PlyCount "86"]
[EventDate "2009.01.??"]
[EventCountry "NED"]

{When Stellwagen started in group A, one feared for his fate. But he would
score eleven draws and two losses.} 1. e4 c5 2. Nf3 d6 3. d4 cxd4 4. Nxd4 Nf6
5. Nc3 a6 6. Bg5 e6 7. f4 Nbd7 8. Qe2 Qc7 9. O-O-O Be7 10. Nf3 e5 11. g4 h6 12.
Bxf6 Nxf6 13. f5 $5 (13. g5 $1 hxg5 14. fxg5 Nh5 15. Nd5 Qc6 {was played in
Shirazi - Lerner, Philadelphia 1990.}) 13... b5 14. a3 Rb8 $5 15. h4 $1 Qb6 ({
The immediate} 15... b4 $1 {gains  an edge.}) 16. Nd2 b4 $5 17. Nc4 $1 Qc5 18.
axb4 Qxb4 $6 19. Rh3 $6 (19. Qg2 $1 Bb7 20. g5 {attacks.}) 19... Bb7 20. g5 Nd7
21. Na2 Qa4 22. Nc3 Qb4 23. Na2 Qa4 24. Ra3 (24. Qg2 $1 hxg5 (24... Qxa2 $4 25.
Ra3) 25. Nc3 Qb4 26. hxg5 Rxh3 27. Qxh3 Bxg5+ 28. Kb1 {leads to a white charge.
}) 24... Qc6 25. Nc3 Qc7 26. Ne3 $5 hxg5 27. Ncd5 $1 Qd8 28. Nxe7 Qxe7 29. Nc4
$1 d5 30. exd5 Rxh4 31. Rb3 Qf6 $2 ({Correct is} 31... f6 $1 32. d6 Qf7) 32.
Na5 $2 {Daniel misses the opportunity.} (32. Qe3 $1 {exerts the fatal threat
34.Qa7.}) 32... Nc5 33. Rc3 Ne4 34. Rb3 Nc5 35. Rc3 Ne4 36. Rc7 $6 Nd6 37. Nxb7
Rxb7 38. Rxb7 Nxb7 39. d6 Nxd6 $6 (39... Ra4 $1 40. d7+ Kd8 41. Kb1 Nd6 {plays
for a win.}) 40. Qxa6 Rd4 41. Qc6+ Kf8 42. Qa8+ Ke7 43. Qa7+ Kf8 {The game
ends in perpetual check.} 1/2-1/2

[Event "Corus"]
[Site "Wijk aan Zee 71"]
[Date "2009.01.24"]
[Round "7"]
[White "Ivanchuk, Vassily"]
[Black "Movsesian, Sergei"]
[Result "0-1"]
[WhiteElo "2779"]
[BlackElo "2751"]
[Annotator "JvR"]
[PlyCount "70"]
[EventDate "2009.01.??"]
[EventCountry "NED"]

1. e4 c5 2. Nf3 d6 3. d4 cxd4 4. Nxd4 Nf6 5. Nc3 e6 6. f4 Nc6 7. Be3 Bd7 {
Movsesian diverts from a previous game against Ivanchuk.} 8. Be2 Be7 9. Ndb5
Qb8 10. O-O O-O 11. a4 Rd8 12. Kh1 Nb4 13. Bf3 e5 $5 14. Qe2 Bc6 15. fxe5 dxe5
16. a5 b6 $1 17. axb6 axb6 18. Rxa8 Bxa8 19. Na4 $5 (19. Qf2 Bc5 20. Bxc5 bxc5
21. Qxc5 Nxc2 22. Rd1 {takes less risk.}) 19... Bc6 20. c4 Nxe4 21. Nxb6 f5 $1
{Black takes the initiative.} 22. Nc3 Qb7 23. c5 Nd3 24. Bxe4 $6 ({Movsesian
advices} 24. Nxe4 Bxe4 25. Qc2) 24... Bxe4 25. b4 Kh8 $1 26. Rb1 f4 27. Bg1 $1
Bg6 28. Nc4 $2 {Ivanchuk fails under time pressure.} (28. Rd1 $1 e4 29. b5 f3
30. Qa2 Bh5 31. c6 {counterattacks timely.}) 28... e4 $1 29. Na5 Qa8 30. c6
Bxb4 31. Nb7 f3 $1 32. gxf3 exf3 33. Qxf3 Rf8 34. Qd5 Bxc3 35. c7 Nf4 {
Movsesian scored well.} 0-1

[Event "Corus"]
[Site "Wijk aan Zee 71"]
[Date "2009.01.25"]
[Round "8"]
[White "Ivanchuk, Vassily"]
[Black "Karjakin, Sergey"]
[Result "1-0"]
[WhiteElo "2779"]
[BlackElo "2706"]
[Annotator "JvR"]
[PlyCount "81"]
[EventDate "2009.01.??"]
[EventCountry "NED"]

1. e4 c5 2. Nf3 d6 3. Nc3 Nf6 4. d4 cxd4 5. Nxd4 a6 6. Be2 e5 7. Nb3 Be7 8. O-O
O-O 9. Be3 Be6 10. Qd2 Nbd7 11. a4 Qc7 12. Rfd1 Rac8 13. a5 Nc5 14. Nxc5 dxc5
15. Qe1 Rfd8 16. Rxd8+ Rxd8 17. f3 c4 18. Na4 Nd7 19. Qc3 f6 $5 20. b3 Rc8 21.
b4 Qc6 22. Qa3 f5 $5 23. b5 $1 axb5 $1 24. Qxe7 bxa4 25. Rd1 Nf8 $1 ({Not} 
25... f4 $2 26. Rd6) 26. Rd6 Re8 $1 {Active play is needed.} 27. Rxc6 Rxe7 28.
Bc5 $3 Rd7 $2 ({Right is} 28... Re8 $1 29. Rc7 fxe4 30. Rxb7 Ra8 31. Rb5 Nd7
32. Bb4 {(Ivanchuk)} e3 $1 {and White gains little advantage.}) 29. Rb6 $1 fxe4
30. fxe4 c3 $5 ({The pointe is} 30... Rd2 31. Rxb7 $1 Rxe2 32. a6 {(Ftacnik).})
31. Kf2 $1 {He wins by restraint of the hostile position.} (31. Bb4 $1 g5 32.
Bxf8 Kxf8 33. Rxe6 Rd2 34. a6 $1 bxa6 35. Bd3 {hunts for material.}) 31... Ba2
32. a6 $1 bxa6 33. Rb8 Rf7+ 34. Ke3 g6 {Karjakin is lost, despite the two
extra pawns.} 35. Bd6 Rf6 36. Rd8 a3 37. Bxa3 Kg7 38. Bd6 Rf7 39. Bxe5+ Kh6 40.
Bxa6 Ne6 41. Rc8 {Ivanchuk showed a remarkable example of restriction.  
Movsesian became the sole leader.} 1-0

[Event "Corus"]
[Site "Wijk aan Zee 71"]
[Date "2009.01.27"]
[Round "9"]
[White "Karjakin, Sergey"]
[Black "Movsesian, Sergei"]
[Result "1-0"]
[WhiteElo "2706"]
[BlackElo "2751"]
[Annotator "JvR"]
[PlyCount "135"]
[EventDate "2009.01.??"]
[EventCountry "NED"]

1. e4 c5 2. Nf3 d6 3. d4 cxd4 4. Nxd4 Nf6 5. Nc3 e6 6. Be3 Nc6 7. f3 Be7 8. Qd2
O-O 9. g4 d5 10. g5 Nxd4 11. Qxd4 Nh5 12. O-O-O Bxg5 13. Kb1 Kh8 14. Bxg5 Qxg5
15. Rg1 Qf4 $5 (15... Qf6 {occurred in Stellwagen - Movsesian (round one).})
16. Qc5 Bd7 $1 17. exd5 Nf6 $5 (17... exd5 18. Nxd5 Qe5 $1 {is fine too.}) 18.
Bh3 $5 (18. d6 $1 Bc6 19. Rg3 {takes the initiative.}) 18... exd5 19. Bxd7 Nxd7
20. Qxd5 Nf6 21. Qxb7 Qxh2 22. Ne4 Nxe4 23. Qxe4 Rad8 24. a4 Qc7 25. Rxd8 Rxd8
{Black has achieved equality.} 26. Rg5 g6 27. Rb5 Rd1+ 28. Ka2 Rd7 29. c4 Kg7
$5 30. c5 a6 31. c6 axb5 32. cxd7 Qxd7 33. Qe5+ Kf8 34. axb5 h5 35. Kb3 Kg8 $5
36. b6 h4 $1 37. Qc7 Qd1+ $1 {The next checks have to be accurate.} 38. Kb4
Qe1+ 39. Kb5 Qe2+ $5 ({Or} 39... Qf1+ $1 40. Kc5 Qc1+ 41. Kd6 Qd1+ $1 42. Ke7
Qe2+ 43. Kd8 h3 $1 44. b7 h2 45. b8=Q h1=Q {drawn.}) 40. Ka5 $1 Qd2+ $5 (40...
Qxb2 $1 41. b7 Qa3+ 42. Kb6 Qb3+ $1 43. Kc5 ({or} 43. Ka7 Qa3+ 44. Kb8 h3)
43... Qe3+ 44. Kd6 Qe6+ $1 {leads to perpetual check.}) 41. b4 $1 Qa2+ 42. Kb5
Qe2+ 43. Qc4 Qe8+ 44. Qc6 Qe2+ 45. Kc5 Qf2+ $2 (45... Qe3+ $1 46. Kd6 Qf4+ 47.
Kd7 Qxb4 48. b7 Kg7 $1 {draws.}) 46. Kd6 $1 Qg3+ 47. Kd7 h3 $1 48. b7 h2 49.
Qc8+ Kg7 50. b8=Q Qxb8 (50... Qh3+ 51. Kc7 Qg3+ 52. Kb6 $1 Qxb8+ 53. Qxb8 h1=Q
54. Qe5+ $1 {also wins for White.}) 51. Qxb8 h1=Q 52. Qe5+ Kg8 53. Qd5 $1 {
Placing the queen in the centre brings a decisive advantage.} Qh3+ 54. Kc7 Qh2+
55. Kb7 Qh5 56. Kc6 Qh3 57. Kb7 Qh5 58. Qc6 $1 Kg7 59. b5 Qe5 60. b6 g5 61. Kc8
Qf5+ 62. Kd8 Qa5 63. Qd6 Qa8+ 64. Kc7 Qxf3 ({Or} 64... Qa5 65. Kb8 {(Kritz).})
65. b7 Qc3+ 66. Kd7 Qh3+ 67. Kd8 Qh8+ 68. Kc7 {Karjakin has escaped from the
checks and will queen. He played a wonderful queen ending.   Movsesian lost
and Karjakin joined the lead.} 1-0